[Event "IND-ch U11"]
[Site "Odisha"]
[Date "2014.07.28"]
[Round "7"]
[White "Praggnanandhaa, Rameshbabu"]
[Black "Avijaan, Roy Choudhury"]
[Result "1-0"]
[WhiteElo "1948"]
[BlackElo "1648"]
[PlyCount "73"]
[EventDate "2014.07.24"]
[EventType "swiss"]
[EventRounds "11"]
[EventCountry "IND"]
[SourceTitle "CBM 161 Extra"]
[Source "ChessBase"]
[SourceDate "2014.08.29"]
[SourceVersion "1"]
[SourceVersionDate "2014.08.29"]
[SourceQuality "1"]

1. e4 e5 2. Nf3 Nc6 3. Bc4 Bc5 4. c3 Nf6 5. d4 exd4 6. e5 d5 7. Be2 Ne4 8. cxd4 Bb6 9. h3 0-0 10. 0-0 f6 11. exf6 Qxf6 12. Be3 Bf5 13. Nc3 Be6 14. Rc1 Rae8 15. Na4 Qe7 16. Nxb6 axb6 17. Bb5 Bd7 18. Qb3 Rxf3 19. gxf3 Nf6 20. Bxc6 bxc6 21. Kg2 Nh5 22. Rh1 Qf6 23. Rcg1 Nf4+ 24. Bxf4 Qxf4 25. h4 Re6 26. Re1 Rg6+ 27. Kf1 Qxd4 28. h5 Rf6 29. Kg2 Bg4 30. Re3 Qf4 31. fxg4 Qxf2+ 32. Kh3 g5 33. Rg3 Qe2 34. Qe3 Qxb2 35. Qxg5+ Kf7 36. Re1 Qf2 37. Qe5 1-0

[Event "IND-ch U11"]
[Site "Odisha"]
[Date "2014.07.26"]
[Round "4"]
[White "Avijaan, Roy Choudhury"]
[Black "Nihal, Sarin"]
[Result "1/2-1/2"]
[WhiteElo "1648"]
[BlackElo "1800"]
[PlyCount "47"]
[EventDate "2014.07.24"]
[EventType "swiss"]
[EventRounds "11"]
[EventCountry "IND"]
[SourceTitle "CBM 161 Extra"]
[Source "ChessBase"]
[SourceDate "2014.08.29"]
[SourceVersion "1"]
[SourceVersionDate "2014.08.29"]
[SourceQuality "1"]

1. e4 c5 2. Nf3 d6 3. d4 cxd4 4. Nxd4 Nf6 5. Nc3 a6 6. Bc4 e6 7. Bb3 Be7 8. 0-0 0-0 9. f4 b5 10. e5 dxe5 11. fxe5 Nfd7 12. Bf4 Nc5 13. Be3 Ncd7 14. Bf4 Bb7 15. Qg4 Bc5 16. Rad1 Nc6 17. Bh6 g6 18. Bxf8 Ndxe5 19. Bxc5 Nxg4 20. Nxc6 Qh4 21. h3 Bxc6 22. hxg4 Qxg4 23. Rf2 Rc8 24. a3 1/2-1/2